Patas arriba : (Record no. 190676)

MARC details
000 -LEADER
campo de control de longitud fija 00962nam a2200265 i 4500
001 - NÚMERO DE CONTROL
campo de control 190676
003 - IDENTIFICADOR DE NÚMERO DE CONTROL
campo de control ES-MaACL
005 - FECHA Y HORA DE LA ÚLTIMA TRANSACCIÓN
campo de control 20240225063057.0
008 - DATOS DE LONGITUD FIJA--INFORMACIÓN GENERAL
campo de control de longitud fija 220429s1999 sp a 001 1 spa
020 ## - NÚMERO INTERNACIONAL ESTÁNDAR DEL LIBRO
Número Internacional Estándar del Libro 84-323-0974-5
080 ## - NÚMERO DE LA CLASIFICACIÓN DECIMAL UNIVERSAL
Número de la Clasificación Decimal Universal 821.134.2(899)-4"19"
100 0# - ENTRADA PRINCIPAL--NOMBRE DE PERSONA
Nombre de persona Galeano, Eduardo,
Fechas asociadas al nombre 1940-2015
9 (RLIN) 53368
245 10 - MENCIÓN DEL TÍTULO
Título Patas arriba :
Resto del título la escuela del mundo al revés /
Mención de responsabilidad, etc. Eduardo Galeano ; con grabados de José Guadalupe Posada.
250 ## - MENCION DE EDICION
Mención de edición 4ª ed.
260 ## - PUBLICACIÓN, DISTRIBUCIÓN, ETC.
Lugar de publicación, distribución, etc. Madrid :
Nombre del editor, distribuidor, etc. Siglo XXI de España,
Fecha de publicación, distribución, etc. 1999.
300 ## - DESCRIPCIÓN FÍSICA
Extensión 365 p. :
Otras características físicas il. ;
Dimensiones 21 cm.
490 1# - MENCIÓN DE SERIE
Mención de serie La creación literaria
700 1# - ENTRADA AGREGADA--NOMBRE PERSONAL
Nombre de persona Posada, José Guadalupe (
Fechas asociadas al nombre 1852-1913)
9 (RLIN) 174409
830 1# - PUNTO DE ACCESO ADICIONAL DE SERIE-TÍTULO UNIFORME
Título uniforme La creación literaria
9 (RLIN) 179894
852 4# - LOCALIZACIÓN
Ubicación ES-MaACL
Número de control de estantería A-14950
itemnumber 197857
Sublocalización o colección R.152214
Ubicación en estantería Depósito 1
Signatura antigua Olim: N-7950
Donativo/Legado Donación: José Lázaro
903 ## - NOMBRE PERSONAL DE DONANTE
9 234219
a Lázaro García, José
e Donante
942 ## - ELEMENTOS DE ENTRADA SECUNDARIOS (KOHA)
Fuente del sistema de clasificación o colocación Clasificación decimal universal
Tipo de ítem Koha Libro impreso
Holdings
Estatus retirado Estado de pérdida Fuente del sistema de clasificación o colocación Estado de daño No para préstamo Biblioteca de origen Biblioteca actual Ubicación en estantería Fecha de adquisición Fuente de adquisición Total de préstamos Signatura topográfica completa Código de barras Visto por última vez Precio de reemplazo Tipo de ítem Koha
    Clasificación decimal universal     Biblioteca del Ateneo de Madrid Biblioteca del Ateneo de Madrid Depósito 1 29/04/2022 Donación   A-14950 1202908 23/02/2023 23/02/2023 Libro impreso